| 000 | 00413nam a22001697a 4500 | ||
|---|---|---|---|
| 003 | NUST - PNEC | ||
| 005 | 20170116181114.0 | ||
| 008 | 151004b xxu||||| |||| 00| 0 eng d | ||
| 020 | _a705408582 | ||
| 040 | _cLIBRARY | ||
| 082 | _a900 TIM | ||
| 100 |
_913089 _aTime life books |
||
| 245 |
_aLibrary of nations: East africa _cTime life books |
||
| 260 | _cc.1986 | ||
| 650 | _xGeneral book | ||
| 942 |
_2ddc _cBK |
||
| 999 |
_c69246 _d69246 |
||